[Event "TCh-RUS Blitz 2015"]
[Site "Sochi RUS"]
[Date "2015.05.10"]
[Round "7.36"]
[White "Romanenkov, Aleksandr"]
[Black "Shumilina, Alexandra"]
[Result "1/2-1/2"]
[BlackTitle "WIM"]
[WhiteElo "2105"]
[BlackElo "2238"]
[WhiteTeam "BOC Russian Federation (Smolensk region)"]
[BlackTeam "SK Volga (Kstovo)"]
[WhiteFideId "24118478"]
[BlackFideId "4165810"]
[EventDate "2015.05.10"]

1. c4 e5 2. Nc3 d6 3. g3 g6 4. Bg2 Bg7 5. d3 f5 6. e3 Nf6 7. Nge2 O-O 8. O-O Kh8
9. b4 c6 10. a4 d5 11. Bb2 Be6 12. c5 Nbd7 13. d4 e4 14. b5 a5 15. Qb3 Qe7 16.
Rab1 Rfe8 17. Rfc1 Nxc5 18. dxc5 d4 19. Qa3 dxc3 20. Bxc3 Nd5 21. Bxg7+ Qxg7 22.
Nd4 Nb4 23. Bf1 Bd5 24. Bc4 Bxc4 25. Rxc4 Qe5 26. bxc6 bxc6 27. Qc3 Kg8 28. Qc1
Qd5 29. Rcxb4 axb4 30. Rxb4 Reb8 31. Qc3 Rxb4 32. Qxb4 Qd7 33. Qc4+ Kg7 34. Ne6+
Kf6 35. Nd4 Ra5 36. h4 Qd5 37. Qb4 Qxc5 38. Qb8 Rxa4 39. Qd8+ Qe7 40. Qc8 Ra1+
41. Kg2 c5 42. Qh8+ Qg7 43. Qd8+ Kf7 44. Qc7+ Kg8 45. Qxc5 Qf7 46. Qc8+ Kg7 47.
Ne6+ Kf6 48. Ng5 Qe7 49. Qh8+ Qg7 50. Qd8+ Qe7 51. Qh8+ Qg7 52. Qd8+ Qe7 1/2-1/2

[Event "TCh-RUS Blitz 2015"]
[Site "Sochi RUS"]
[Date "2015.05.10"]
[Round "8.1"]
[White "Andreikin, Dmitry"]
[Black "Malakhov, Vladimir"]
[Result "0-1"]
[WhiteTitle "GM"]
[BlackTitle "GM"]
[WhiteElo "2723"]
[BlackElo "2702"]
[WhiteTeam "University (Belorechensk)"]
[BlackTeam "Malachite (Sverdlovsk region)"]
[WhiteFideId "4158814"]
[BlackFideId "4120787"]
[EventDate "2015.05.10"]

1. Nc3 Nf6 2. e4 e5 3. Nf3 Nc6 4. Bb5 Bd6 5. O-O O-O 6. Re1 Re8 7. d3 Bf8 8. Bg5
h6 9. Bh4 d6 10. d4 exd4 11. Nxd4 Bd7 12. Bxc6 bxc6 13. Qf3 g5 14. Bg3 Ng4 15.
Nxc6 Bxc6 16. Qxg4 Bg7 17. h4 Rb8 18. hxg5 Qxg5 19. Qxg5 hxg5 20. Rab1 Rxb2 21.
Rxb2 Bxc3 22. Rbb1 Bxe1 23. Rxe1 Rxe4 24. Rxe4 Bxe4 25. c4 f5 26. f3 Bb1 27. a3
f4 28. Be1 c5 29. Ba5 Kf7 30. Bd8 g4 31. fxg4 Bd3 32. Kf2 Bxc4 33. Kf3 Ke6 34.
Kxf4 d5 35. Bc7 d4 36. Bb8 a6 37. Ke4 Ba2 38. Kd3 Kd5 39. Kc2 Kc6 40. Be5 Bf7
41. g5 Kd5 42. Bc7 Bg6+ 43. Kd2 c4 44. Ba5 Kc5 45. a4 Bh7 46. Bd8 c3+ 47. Kc1 d3 0-1

[Event "TCh-RUS Blitz 2015"]
[Site "Sochi RUS"]
[Date "2015.05.10"]
[Round "8.2"]
[White "Riazantsev, Alexander"]
[Black "Jobava, Baadur"]
[Result "1/2-1/2"]
[WhiteTitle "GM"]
[BlackTitle "GM"]
[WhiteElo "2671"]
[BlackElo "2699"]
[WhiteTeam "Malachite (Sverdlovsk region)"]
[BlackTeam "University (Belorechensk)"]
[WhiteFideId "4125029"]
[BlackFideId "13601520"]
[EventDate "2015.05.10"]

1. d4 d5 2. c4 c6 3. Nc3 Nf6 4. e3 g6 5. Nf3 Bg7 6. Be2 O-O 7. O-O Bg4 8. cxd5
cxd5 9. Qb3 b6 10. h3 Bxf3 11. Bxf3 e6 12. Bd2 Nc6 13. Be2 a6 14. a4 Qd6 15.
Rfd1 Rfc8 16. Be1 Na5 17. Qa2 Bf8 18. Rac1 Qd8 19. Nb1 Nc6 20. Qb3 Na5 21. Rxc8
Qxc8 22. Bxa5 bxa5 23. Qc3 Bb4 24. Qxc8+ Rxc8 25. Bd3 Ne4 26. Kf1 Kf8 27. Ke2
Ke7 28. f3 Nd6 29. Nd2 Rc6 30. Rb1 f6 31. Kd1 e5 32. Rc1 Rxc1+ 33. Kxc1 exd4 34.
exd4 f5 35. Bxa6 f4 36. Bd3 Kf6 37. Kd1 Kg5 38. Ke2 Kh4 39. Nf1 Ne8 40. Bb5 Nc7 1/2-1/2

[Event "TCh-RUS Blitz 2015"]
[Site "Sochi RUS"]
[Date "2015.05.10"]
[Round "8.3"]
[White "Alekseev, Evgeny"]
[Black "Lysyj, Igor"]
[Result "1/2-1/2"]
[WhiteTitle "GM"]
[BlackTitle "GM"]
[WhiteElo "2653"]
[BlackElo "2677"]
[WhiteTeam "University (Belorechensk)"]
[BlackTeam "Malachite (Sverdlovsk region)"]
[WhiteFideId "4138147"]
[BlackFideId "4150120"]
[EventDate "2015.05.10"]

1. e4 e5 2. Nf3 Nc6 3. Bc4 Bc5 4. c3 Nf6 5. d3 a6 6. O-O d6 7. Bb3 O-O 8. h3 h6
9. Re1 Re8 10. Nbd2 Be6 11. Nf1 d5 12. Ng3 dxe4 13. dxe4 Qxd1 14. Bxd1 b5 15. b4
Bd6 16. a4 Ne7 17. Be2 c6 18. Be3 Ng6 19. Bf1 Bf8 1/2-1/2

[Event "TCh-RUS Blitz 2015"]
[Site "Sochi RUS"]
[Date "2015.05.10"]
[Round "8.4"]
[White "Khismatullin, Denis"]
[Black "Tregubov, Pavel V."]
[Result "1-0"]
[WhiteTitle "GM"]
[BlackTitle "GM"]
[WhiteElo "2666"]
[BlackElo "2571"]
[WhiteTeam "Malachite (Sverdlovsk region)"]
[BlackTeam "University (Belorechensk)"]
[WhiteFideId "4142578"]
[BlackFideId "4115341"]
[EventDate "2015.05.10"]

1. Nf3 Nf6 2. g3 d5 3. Bg2 c6 4. c4 dxc4 5. a4 g6 6. Na3 Bg7 7. Nxc4 O-O 8. O-O
a5 9. d3 Na6 10. Bd2 Nb4 11. Qb3 c5 12. Bxb4 cxb4 13. Rac1 Be6 14. Nfe5 Nd7 15.
Nxd7 Qxd7 16. Qc2 Ra6 17. Nd2 Rb6 18. b3 Bc3 19. Nc4 Bxc4 20. dxc4 Rd6 21. Rfd1
b6 22. Rxd6 Qxd6 23. Rd1 Qf6 24. Qd3 e6 25. Bf3 Kg7 26. Kg2 h5 27. h4 e5 28. e3
Re8 29. Be4 Qe6 30. Qd7 Qxd7 31. Rxd7 Re6 32. Bd5 Rf6 33. Kf1 Kf8 34. Ke2 Ke8
35. Ra7 Kf8 36. c5 bxc5 37. Rxa5 Rd6 38. Rxc5 Ke7 39. Rb5 f5 40. f3 Kf6 41. a5
Ra6 42. Rb6+ Rxb6 43. axb6 e4 44. f4 1-0

[Event "TCh-RUS Blitz 2015"]
[Site "Sochi RUS"]
[Date "2015.05.10"]
[Round "8.6"]
[White "Bocharov, Dmitry"]
[Black "Artemiev, Vladislav"]
[Result "0-1"]
[WhiteTitle "GM"]
[BlackTitle "GM"]
[WhiteElo "2577"]
[BlackElo "2671"]
[WhiteTeam "Sibir (Novosibirsk)"]
[BlackTeam "Rook (Kazan)"]
[WhiteFideId "4138716"]
[BlackFideId "24101605"]
[EventDate "2015.05.10"]

1. e4 c5 2. Nf3 d6 3. c3 Nf6 4. Bd3 Nc6 5. h3 g6 6. O-O Bg7 7. Bc2 e5 8. d4 cxd4
9. cxd4 exd4 10. Nxd4 O-O 11. Nb5 d5 12. Bf4 dxe4 13. N1c3 Bf5 14. Nd6 Qb6 15.
Na4 Qd4 16. Qc1 Nd5 17. Nxf5 gxf5 18. Bd6 Rfd8 19. Rd1 Qc4 20. Bg3 Ndb4 21. Bb3
Qxc1 22. Raxc1 Nd3 23. Rb1 Nd4 24. Nc3 Nxb3 25. axb3 a6 26. Rd2 Bh6 27. Re2 Nc1
28. Rc2 Nxb3 29. Ne2 Rac8 30. Rc3 Nd2 31. Rxc8 Rxc8 32. Rd1 Rc2 33. Nd4 Rc5 34.
Ne2 Rb5 35. Nf4 Rxb2 36. Nd5 Ra2 37. Ne7+ Kf8 38. Nxf5 Bg5 39. h4 Bf6 40. Bd6+
Ke8 41. Bb4 Nc4 42. Re1 e3 43. Nxe3 Nxe3 44. Rxe3+ Kd7 45. Rf3 Ke6 46. Re3+ Kd5
47. Rf3 Be5 48. g4 Ra4 49. Bd2 Rxg4+ 50. Kf1 f6 51. h5 b5 52. Rd3+ Rd4 53. Ke2
Rxd3 54. Kxd3 Bd6 55. f3 b4 56. Bc1 a5 57. Bb2 f5 0-1

[Event "TCh-RUS Blitz 2015"]
[Site "Sochi RUS"]
[Date "2015.05.10"]
[Round "8.7"]
[White "Timofeev, Artyom"]
[Black "Kokarev, Dmitry"]
[Result "1/2-1/2"]
[WhiteTitle "GM"]
[BlackTitle "GM"]
[WhiteElo "2534"]
[BlackElo "2635"]
[WhiteTeam "Rook (Kazan)"]
[BlackTeam "Sibir (Novosibirsk)"]
[WhiteFideId "4140419"]
[BlackFideId "4132181"]
[EventDate "2015.05.10"]

1. c4 g6 2. g3 Bg7 3. Bg2 c5 4. Nc3 Nc6 5. a3 b6 6. e3 Bb7 7. Nge2 Nf6 8. d4 O-O
9. O-O d6 10. d5 Na5 11. b3 Rb8 12. Rb1 a6 13. a4 e6 14. e4 exd5 15. cxd5 Re8
16. h3 Bc8 17. g4 Qc7 18. Bf4 Nd7 19. Bg3 b5 20. axb5 axb5 21. b4 cxb4 22. Rxb4
Qc5 23. Rd4 Ba6 24. Rd2 Bxc3 25. Nxc3 Qxc3 26. Bxd6 Rbc8 27. Ra2 Ra8 28. Qb1 Nc4
29. Bb4 Qd4 30. Rd1 Qb6 31. Kh1 Bb7 32. Re2 Qf6 33. Qb3 Qf4 34. Bc3 Ba6 35. Bd4
Nde5 36. f3 g5 37. Bg1 Qf6 38. Bd4 Qd6 39. Qc3 Bb7 40. Qc1 h6 41. h4 f6 42. hxg5
hxg5 43. f4 Nxg4 44. e5 fxe5 45. fxe5 Qh6+ 46. Kg1 Rf8 47. Be4 Ra3 48. Rg2 Rg3
49. Bh7+ Kxh7 50. Qc2+ Kg8 51. Rxg3 Rf4 52. Qg2 Qh5 53. Re1 Bxd5 54. Qh3 Qxh3
55. Rxh3 Be6 56. Bc3 Kf7 57. Rh5 Kg6 58. Rh8 Nh6 59. Re8 Bd5 60. Rd8 Rg4+ 61.
Kf1 Rf4+ 62. Kg1 Be6 63. Rb8 Nf5 64. Rxb5 Nh4 65. Rd1 Bg4 66. Rc1 Nf3+ 67. Kg2
Ne3+ 68. Kf2 Nxe5+ 69. Kxe3 Nd7 70. Rd5 Rf3+ 71. Kd2 Rf2+ 72. Ke3 Rf3+ 73. Kd2
Bf5 74. Rg1 g4 75. Rd4 Kg5 76. Rd6 Nc5 77. Bf6+ Kf4 78. Rd4+ Ne4+ 79. Ke1 Ke3
80. Bg7 g3 81. Ra4 Bh3 82. Ra3+ Kf4 83. Rxf3+ Kxf3 84. Rxg3+ Nxg3 85. Kd2 1/2-1/2

[Event "TCh-RUS Blitz 2015"]
[Site "Sochi RUS"]
[Date "2015.05.10"]
[Round "8.8"]
[White "Maletin, Pavel"]
[Black "Sharafiev, Azat"]
[Result "1-0"]
[WhiteTitle "GM"]
[BlackTitle "IM"]
[WhiteElo "2587"]
[BlackElo "2415"]
[WhiteTeam "Sibir (Novosibirsk)"]
[BlackTeam "Rook (Kazan)"]
[WhiteFideId "4146786"]
[BlackFideId "4186214"]
[EventDate "2015.05.10"]

1. d4 Nf6 2. c4 e6 3. g3 c5 4. Nf3 cxd4 5. Nxd4 Nc6 6. Bg2 Bb4+ 7. Bd2 Qb6 8.
Nb3 Be7 9. Nc3 d6 10. O-O a6 11. Bf4 Qc7 12. c5 e5 13. Bg5 dxc5 14. Bxf6 Bxf6
15. Nd5 Qd8 16. Nxc5 O-O 17. Rc1 Be7 18. Nxe7+ Qxe7 19. Bxc6 bxc6 20. Qa4 Rb8
21. b3 Qf6 22. Rfe1 Rd8 23. Red1 Rd4 24. Rxd4 exd4 25. Nxa6 Ra8 26. Rxc6 Qe5 27.
Nc5 Rb8 28. Qc4 Bh3 29. Na6 d3 30. Nxb8 Qxb8 31. Qxd3 Qa8 32. Qc2 h5 33. f3 Qa7+
34. Rc5 Qe7 35. Kf2 h4 36. Qc3 g6 37. a4 Qd6 38. a5 Qd1 39. gxh4 Qf1+ 40. Ke3
Qg1+ 41. Kd2 Qxh2 42. Qd4 Qb8 43. b4 Bf5 44. a6 1-0

[Event "TCh-RUS Blitz 2015"]
[Site "Sochi RUS"]
[Date "2015.05.10"]
[Round "8.9"]
[White "Nepomniachtchi, Ian"]
[Black "Potapov, Pavel"]
[Result "1-0"]
[WhiteTitle "GM"]
[BlackTitle "IM"]
[WhiteElo "2728"]
[BlackElo "2477"]
[WhiteTeam "Our Heritage SHSM-1 (Moscow)"]
[BlackTeam "Yamal (YaNAO)"]
[WhiteFideId "4168119"]
[BlackFideId "4169786"]
[EventDate "2015.05.10"]

1. e4 d5 2. exd5 Qxd5 3. Nc3 Qd6 4. d4 Nf6 5. Nf3 g6 6. Nb5 Qb6 7. Na3 Be6 8. c3
Bg7 9. Nc4 Bxc4 10. Bxc4 O-O 11. O-O c6 12. Qe2 e6 13. Bg5 Nbd7 14. Rad1 Nd5 15.
Rfe1 Rfe8 16. Qc2 Qc7 17. h4 N7b6 18. Bd3 Nf4 19. Be4 h6 20. Bxf4 Qxf4 21. g3
Qc7 22. h5 g5 23. Qe2 Nd5 24. Bc2 f5 25. Bb3 Qf7 26. Ne5 Bxe5 27. dxe5 Rad8 28.
c4 Nb6 29. Rd6 Nc8 30. c5 Kg7 31. Red1 Nxd6 32. cxd6 Rd7 33. Kg2 g4 34. Rh1 Kf8
35. Qe3 Qg7 36. a4 Qg5 37. Qxg5 hxg5 38. h6 Rh7 39. Rh5 Kf7 40. Rxg5 Rxh6 41.
Rxf5+ Kg7 42. Rg5+ Kf7 43. Rxg4 Reh8 44. Kf3 R8h7 45. Ke3 b6 46. a5 bxa5 47. Ra4
Rh1 48. Rxa5 Re1+ 49. Kd2 Rhh1 50. Rxa7+ Kg6 51. d7 1-0

[Event "TCh-RUS Blitz 2015"]
[Site "Sochi RUS"]
[Date "2015.05.10"]
[Round "8.10"]
[White "Belyakov, Bogdan"]
[Black "Najer, Evgeniy"]
[Result "1-0"]
[WhiteTitle "IM"]
[BlackTitle "GM"]
[WhiteElo "2478"]
[BlackElo "2663"]
[WhiteTeam "Yamal (YaNAO)"]
[BlackTeam "Our Heritage SHSM-1 (Moscow)"]
[WhiteFideId "24104795"]
[BlackFideId "4118987"]
[EventDate "2015.05.10"]

1. e4 c6 2. d4 d5 3. Nc3 dxe4 4. Nxe4 Bf5 5. Ng3 Bg6 6. Bc4 e6 7. N1e2 Bd6 8. h4
h6 9. Nf4 Bxf4 10. Bxf4 Nf6 11. Qe2 Nbd7 12. h5 Bh7 13. O-O-O O-O 14. Bd3 Bxd3
15. Rxd3 Re8 16. Kb1 Qa5 17. Ne4 Nxe4 18. Qxe4 Qd5 19. Qe2 Qf5 20. Rf3 e5 21.
Bxh6 Qh7 22. Bc1 exd4 23. Qd1 Ne5 24. Rg3 d3 25. cxd3 Qf5 26. h6 g6 27. h7+ Kh8
28. f4 Nd7 29. Bd2 f6 30. Qg4 Qxg4 31. Rxg4 Nf8 32. Bc3 Re6 33. f5 Rd6 34. fxg6
Ne6 1-0

[Event "TCh-RUS Blitz 2015"]
[Site "Sochi RUS"]
[Date "2015.05.10"]
[Round "8.11"]
[White "Grachev, Boris"]
[Black "Goryachkina, Aleksandra"]
[Result "1-0"]
[WhiteTitle "GM"]
[BlackTitle "WGM"]
[WhiteElo "2666"]
[BlackElo "2474"]
[WhiteTeam "Our Heritage SHSM-1 (Moscow)"]
[BlackTeam "Yamal (YaNAO)"]
[WhiteFideId "4129199"]
[BlackFideId "4147103"]
[EventDate "2015.05.10"]

1. d4 d5 2. Bf4 c6 3. e3 Nf6 4. c4 e6 5. Nc3 Nbd7 6. Nf3 Be7 7. h3 O-O 8. Qc2 b6
9. cxd5 exd5 10. Bd3 Bb7 11. O-O Re8 12. Ne5 Rc8 13. Rad1 Bf8 14. Nxd7 Nxd7 15.
Bxh7+ Kh8 16. Bd3 Nf6 17. Rfe1 Bd6 18. Bg5 Be7 19. Bf5 Ra8 20. e4 Nxe4 21. Bxe7
Rxe7 22. Nxe4 dxe4 23. Rxe4 Rxe4 24. Bxe4 Qf6 25. Bf3 Rd8 26. Qe4 g6 27. Qe5 Rd6
28. Qe8+ Kg7 29. Qb8 Ba6 30. Qxa7 Bc4 31. Qxb6 Bxa2 32. b3 Qe6 33. Rc1 Bxb3 34.
Rxc6 Rxc6 35. Qxc6 Qe1+ 36. Kh2 Qxf2 37. Qc3 Bc2 38. d5+ Kg8 39. Qc8+ Kg7 40.
Qc3+ Kg8 41. Qe5 Bf5 42. d6 Qd2 43. Bd5 Qb4 44. Qe8+ Kg7 45. Qxf7+ Kh6 46. Qf8+
Kg5 47. Qe7+ Kh6 48. Qe3+ Kg7 49. Qe5+ Kh6 50. Bf3 Qd2 51. Kg3 Qd3 52. Qh8+ 1-0

[Event "TCh-RUS Blitz 2015"]
[Site "Sochi RUS"]
[Date "2015.05.10"]
[Round "8.12"]
[White "Sergeyev, Alexander"]
[Black "Dubov, Daniil"]
[Result "0-1"]
[WhiteTitle "FM"]
[BlackTitle "GM"]
[WhiteElo "2380"]
[BlackElo "2659"]
[WhiteTeam "Yamal (YaNAO)"]
[BlackTeam "Our Heritage SHSM-1 (Moscow)"]
[WhiteFideId "13702076"]
[BlackFideId "24126055"]
[EventDate "2015.05.10"]

1. e4 g6 2. Nc3 Bg7 3. h4 Nf6 4. e5 Ng8 5. d4 d6 6. Bf4 Nc6 7. Bb5 Bd7 8. Nf3 a6
9. Bxc6 Bxc6 10. h5 dxe5 11. dxe5 Qxd1+ 12. Rxd1 Nh6 13. Ke2 Rd8 14. Rxd8+ Kxd8
15. Ng5 Ke8 16. f3 Nf5 17. Nge4 Nd4+ 18. Kd3 Ne6 19. Bg3 f5 20. exf6 exf6 21. h6
Bf8 22. Nxf6+ Kf7 23. Nfd5 Bc5 24. b4 Ba7 25. Bxc7 Nxc7 26. Nxc7 Rd8+ 27. Kc4
b5+ 28. Kb3 Rd2 29. Rd1 Rxg2 30. Rd6 Bxf3 31. N3d5 Bxd5+ 32. Nxd5 Rg3+ 33. c3
Bb8 34. Rf6+ Ke8 35. Rb6 Be5 36. Re6+ Kd7 37. Rxe5 Kd6 38. Re7 Kxd5 39. Rxh7 Rh3
40. Rh8 Ke6 41. h7 Kf7 42. Ra8 Rxh7 43. Rxa6 g5 44. Rb6 g4 45. Rxb5 g3 46. Rf5+
Kg6 47. Rf3 Rh3 48. a4 g2 49. Rxh3 g1=Q 50. Rd3 Qb1+ 51. Kc4 Qa2+ 52. Kb5 Qe2
53. Kc4 Qe6+ 54. Kc5 Qc8+ 55. Kd4 Qd7+ 56. Kc4 Qxa4 57. Rd4 Kf6 58. Kc5 Qa7+ 59.
Kc4 Qc7+ 60. Kd3 Ke5 61. Re4+ Kf5 62. Rd4 Qh7 63. Kc4 Qf7+ 64. Kd3 Ke5 65. Kc2
Qa2+ 66. Kd3 Qb3 67. Kd2 Qb2+ 68. Kd3 Qa2 69. Re4+ Kd5 70. Rd4+ Kc6 71. Rc4+ Kb6
72. Rc5 Qb1+ 73. Kc4 Qc2 74. Kd4 Qe2 75. Kd5 Qd3+ 76. Ke5 Qd7 77. Ke4 Qd6 78.
Ke3 Qg3+ 79. Kd4 Qf4+ 80. Kd3 Qf3+ 81. Kd4 Qe2 82. Kd5 Qd3+ 83. Ke5 Kb7 84. Kf4
Qe2 85. Kf5 Qe3 86. Rb5+ Kc6 87. Rc5+ Kd6 88. Kg4 Qf2 89. Kh3 Qg1 90. Kh4 Qg2
91. Kh5 Ke6 92. Kh4 Kf6 93. Rc8 Ke5 94. Rc7 0-1

[Event "TCh-RUS Blitz 2015"]
[Site "Sochi RUS"]
[Date "2015.05.10"]
[Round "8.13"]
[White "Zvjaginsev, Vadim"]
[Black "Demidov, Mikhail"]
[Result "1/2-1/2"]
[WhiteTitle "GM"]
[BlackTitle "IM"]
[WhiteElo "2660"]
[BlackElo "2513"]
[WhiteTeam "SHSM-Our Heritage-2 (Moscow)"]
[BlackTeam "Boavista (Moscow)"]
[WhiteFideId "4113403"]
[BlackFideId "4197143"]
[EventDate "2015.05.10"]

1. e4 e6 2. d3 d5 3. Nd2 c5 4. Ngf3 Nc6 5. g3 Nf6 6. Bg2 g6 7. O-O Bg7 8. exd5
Nxd5 9. Nb3 b6 10. d4 Ba6 11. Re1 cxd4 12. Nfxd4 Nxd4 13. Nxd4 O-O 14. c3 Qd7
15. Bg5 h6 16. Bd2 Rad8 17. a4 Bb7 18. Qc1 Kh7 19. a5 bxa5 20. Rxa5 a6 21. Nf3
Rfe8 22. h4 Qc7 23. Ra3 e5 24. h5 e4 25. hxg6+ fxg6 26. Nd4 Nb4 27. cxb4 Qxc1
28. Rxc1 Rxd4 29. Bc3 Rd7 30. Bxg7 Kxg7 31. Re3 Ree7 32. Rce1 Rd4 33. Rb3 Bd5
34. Ra3 Rxb4 35. Rxa6 Rxb2 36. Rd6 e3 37. f3 Rd2 38. Bf1 Kf7 39. Rxd5 Rxd5 40.
Bc4 Rd7 41. Rxe3 Kf6 1/2-1/2

[Event "TCh-RUS Blitz 2015"]
[Site "Sochi RUS"]
[Date "2015.05.10"]
[Round "8.14"]
[White "Vastrukhin, Oleg"]
[Black "Inarkiev, Ernesto"]
[Result "0-1"]
[BlackTitle "GM"]
[WhiteElo "2389"]
[BlackElo "2664"]
[WhiteTeam "Boavista (Moscow)"]
[BlackTeam "SHSM-Our Heritage-2 (Moscow)"]
[WhiteFideId "4192770"]
[BlackFideId "4162722"]
[EventDate "2015.05.10"]

1. Nf3 d5 2. g3 g6 3. Bg2 Bg7 4. d4 Nf6 5. O-O c6 6. c4 dxc4 7. Na3 b5 8. Ne5
Nd5 9. e4 Nb6 10. Be3 O-O 11. Qe2 Bb7 12. h4 N8d7 13. Nxd7 Nxd7 14. h5 e5 15. h6
Bf6 16. d5 Qe7 17. Rad1 a6 18. d6 Qe6 19. Kh2 Rfd8 20. Bh3 Qe8 21. Nc2 c5 22. f3
Rac8 23. Bc1 Rc6 24. Ne3 Nb6 25. Ng4 Bh8 26. d7 Rxd7 27. Rxd7 Nxd7 28. Rd1 Nf8
29. Bg5 f6 30. Bc1 Ne6 31. Ne3 Nd4 32. Qf2 Rd6 33. Bg2 f5 34. exf5 gxf5 35. Kg1
Rxh6 36. Nxc4 Rg6 37. Ne3 f4 38. gxf4 Bxf3 0-1

[Event "TCh-RUS Blitz 2015"]
[Site "Sochi RUS"]
[Date "2015.05.10"]
[Round "8.15"]
[White "Popov, Ivan RUS"]
[Black "Pasiev, Rakhim"]
[Result "1-0"]
[WhiteTitle "GM"]
[BlackTitle "IM"]
[WhiteElo "2648"]
[BlackElo "2384"]
[WhiteTeam "SHSM-Our Heritage-2 (Moscow)"]
[BlackTeam "Boavista (Moscow)"]
[WhiteFideId "4170350"]
[BlackFideId "24122475"]
[EventDate "2015.05.10"]

1. e4 c5 2. Nf3 Nc6 3. Nc3 g6 4. d4 cxd4 5. Nxd4 Bg7 6. Be3 Nf6 7. Nxc6 bxc6 8.
e5 Nd5 9. Nxd5 cxd5 10. Qxd5 Rb8 11. O-O-O Bb7 12. Qc5 O-O 13. Bd4 Rc8 14. Qxa7
Qc7 15. Bd3 Ra8 16. Qc5 Qb8 17. Kb1 Rc8 18. Qb5 d6 19. Rhe1 dxe5 20. Bxe5 Bxe5
21. Qxe5 Qa7 22. a3 Bxg2 23. Qxe7 Qxf2 24. Re2 Qf3 25. Rde1 Rab8 26. Qe5 Qa8 27.
Qf6 Bd5 28. Re7 Rc6 29. Qe5 Re6 30. Rxe6 Bxe6 31. Re4 Rc8 32. Qd6 Qa7 33. Rxe6
g5 1-0

[Event "TCh-RUS Blitz 2015"]
[Site "Sochi RUS"]
[Date "2015.05.10"]
[Round "8.16"]
[White "Denishev, Marat"]
[Black "Potkin, Vladimir"]
[Result "0-1"]
[BlackTitle "GM"]
[WhiteElo "2275"]
[BlackElo "2599"]
[WhiteTeam "Boavista (Moscow)"]
[BlackTeam "SHSM-Our Heritage-2 (Moscow)"]
[WhiteFideId "24131563"]
[BlackFideId "4131061"]
[EventDate "2015.05.10"]

1. Nf3 c5 2. c4 Nf6 3. e3 d5 4. cxd5 Nxd5 5. d4 e6 6. Nc3 Nc6 7. Be2 Be7 8. O-O
O-O 9. Ne4 cxd4 10. Nxd4 Bd7 11. Nf3 Qb6 12. Bd2 Rfd8 13. Qb1 h6 14. Bc3 Nxc3
15. Nxc3 Bf6 16. Qc2 Rac8 17. Qb3 Qxb3 18. axb3 a6 19. Rab1 Kf8 20. Ne4 Be7 21.
Rfd1 Be8 22. h3 Na5 23. Nd4 e5 24. Nf3 f6 25. Ned2 Bb4 26. Kf1 Ke7 27. Ne4 Nxb3
28. Ng3 g6 29. Bd3 Nc5 30. Bc4 b5 31. Be2 Bf7 32. Kg1 Na4 33. h4 h5 34. Ne4 Bb3
35. Rf1 Bc2 0-1

[Event "TCh-RUS Blitz 2015"]
[Site "Sochi RUS"]
[Date "2015.05.10"]
[Round "8.17"]
[White "Sjugirov, Sanan"]
[Black "Chigaev, Maksim"]
[Result "0-1"]
[WhiteTitle "GM"]
[BlackTitle "IM"]
[WhiteElo "2670"]
[BlackElo "2496"]
[WhiteTeam "Lada (Samara region)"]
[BlackTeam "SDYUSSHOR Hilti (St. Petersburg)"]
[WhiteFideId "4189302"]
[BlackFideId "4108116"]
[EventDate "2015.05.10"]

1. e4 d5 2. exd5 Qxd5 3. Nc3 Qd6 4. d4 Nf6 5. Nf3 g6 6. Nb5 Qb6 7. c4 c6 8. Nc3
Bg7 9. h3 O-O 10. Be2 Bf5 11. O-O Ne4 12. Qb3 Nd7 13. Be3 Nxc3 14. bxc3 c5 15.
Nh4 Be4 16. f3 Qxb3 17. axb3 Bc2 18. b4 cxd4 19. cxd4 e5 20. d5 Bf6 21. Rfc1 e4
22. Rxc2 Bxa1 23. fxe4 a5 24. bxa5 Rxa5 25. c5 Be5 26. Nf3 Bg3 27. c6 bxc6 28.
dxc6 Nf6 29. c7 Rc8 30. e5 Nd5 31. Bd4 Rxc7 32. Rxc7 Nxc7 33. Bc4 Ra4 34. Bb3
Rb4 35. Ba2 Nb5 36. Be3 Ra4 37. Bd5 Ra1+ 0-1

[Event "TCh-RUS Blitz 2015"]
[Site "Sochi RUS"]
[Date "2015.05.10"]
[Round "8.18"]
[White "Levin, Evgeny A."]
[Black "Bukavshin, Ivan"]
[Result "0-1"]
[WhiteTitle "GM"]
[BlackTitle "GM"]
[WhiteElo "2518"]
[BlackElo "2648"]
[WhiteTeam "SDYUSSHOR Hilti (St. Petersburg)"]
[BlackTeam "Lada (Samara region)"]
[WhiteFideId "4182596"]
[BlackFideId "4199758"]
[EventDate "2015.05.10"]

1. d4 d5 2. c4 e6 3. Nc3 c6 4. e3 Nd7 5. Bd3 Ngf6 6. Nf3 dxc4 7. Bxc4 b5 8. Bd3
a6 9. a4 Bb7 10. O-O b4 11. Ne4 c5 12. Nxf6+ Nxf6 13. dxc5 Nd7 14. c6 Bxc6 15.
Nd4 Bb7 16. Be2 Bc5 17. b3 O-O 18. Bb2 Nf6 19. Bf3 Nd5 20. Rc1 Rc8 21. Qe2 e5
22. Nf5 Qf6 23. Ng3 Be7 24. Be4 g6 25. Rfd1 Rxc1 26. Rxc1 Qe6 27. Rd1 Rd8 28.
Qc4 f5 29. Bb1 Rc8 30. Qe2 Nc3 31. Bxc3 bxc3 32. Bc2 Kg7 33. Nf1 e4 34. Ng3 Rd8
35. Qe1 Rxd1 36. Qxd1 Qd6 37. Qe1 Bf6 38. Ne2 Qd2 39. Qxd2 cxd2 40. b4 Bd5 41.
Nd4 Bc4 42. Bd1 Bxd4 43. exd4 f4 44. b5 axb5 45. axb5 Bxb5 46. g3 e3 0-1

[Event "TCh-RUS Blitz 2015"]
[Site "Sochi RUS"]
[Date "2015.05.10"]
[Round "8.19"]
[White "Predke, Alexandr"]
[Black "Usmanov, Vasily"]
[Result "1-0"]
[BlackTitle "IM"]
[WhiteElo "2533"]
[BlackElo "2462"]
[WhiteTeam "Lada (Samara region)"]
[BlackTeam "SDYUSSHOR Hilti (St. Petersburg)"]
[WhiteFideId "24107581"]
[BlackFideId "4135741"]
[EventDate "2015.05.10"]

1. e4 d5 2. exd5 Qxd5 3. Nc3 Qd8 4. d4 c6 5. Nf3 Bg4 6. Bc4 e6 7. Be3 Nd7 8. h3
Nb6 9. Bb3 Bxf3 10. Qxf3 Nf6 11. Ne4 Nxe4 12. Qxe4 Be7 13. c3 Bg5 14. O-O Bxe3
15. fxe3 Qe7 16. Qe5 O-O 17. e4 Nd7 18. Qh5 Nf6 19. Qh4 Nd5 20. Qg3 Nc7 21. Rf4
f6 22. Raf1 a5 23. e5 fxe5 24. Rxf8+ Rxf8 25. Rxf8+ Kxf8 26. Qxe5 b6 27. Qe4 Nd5
28. Qxh7 Qg5 29. Qe4 Ke7 30. c4 Nf4 31. Kh2 c5 32. dxc5 bxc5 33. Bd1 Ng6 34. Bf3
Ne5 35. Be2 Kd6 36. b3 Qd2 37. a3 Qb2 38. Bh5 Qxb3 39. Qh4 Nxc4 40. Qd8+ Ke5 41.
Qg5+ Kd4 42. Qxg7+ e5 43. Bf7 Qd3 44. h4 Nxa3 45. h5 Qe3 46. h6 Qf4+ 47. Kh3
Qf5+ 48. Kh4 Qf2+ 49. g3 Qh2+ 50. Kg4 Qe2+ 51. Kf5 Nc2 52. Qg4+ e4 53. Qxe2 1-0